000 00870nam0a22002531 4500
001 rc\58543
005 20171121122941.0
035 _a(NLR Aleph) 005335017
090 _a6632077
_c6632077
100 _a20021216d1991 u |0rusy50 ca
101 0 _arus
102 _aRU
105 _aa |||||||||
200 1 _aТарзан. Приключения в джунглях
_fЭдгар Берроуз
_g[Пер. с англ. Б. Марковича
_gХудож. Е. Данильченко]
210 _aЛ.
_cИнгрия
_d1991
215 _a143, [1] с.
_cил.
_d22
225 1 _aДетектив. Фантастика. Приключения
700 1 _aБерроуз
_bЭ. Р.
_f1875 - 1950
_gЭдгар Райс
_3RU\NLR\AUTH\7731129
801 0 _aRU
_bNLR
_gpsbo
801 1 _aRU
_bELAR
_2rusmarc
852 _aNLR
_j91-5/585
942 _cBOOK
980 _aNB